| 000 | 00671nam a2200205 a 4500 | ||
|---|---|---|---|
| 001 | 000031338 | ||
| 005 | 20240409073643.0 | ||
| 008 | 110620t1954 dr ac r 001 0beng d | ||
| 040 |
_aDO-SdBNP _bspa _cBNPHU |
||
| 082 |
_a923.17293 _bT866n, 1954 |
||
| 100 | 1 |
_aNanita, Abelardo R. _945855 |
|
| 245 | 1 | 0 |
_aTrujillo / _cAbelardo R. Nanita. |
| 250 | _a5a ed. rev. | ||
| 260 |
_aCiudad Trujillo, República Dominicana : _bEditora del Caribe, _c1954. |
||
| 300 |
_a383 p. : _bil., retr. ; _c22 cm. |
||
| 504 | _aBibliografía : p. 385. | ||
| 546 | _aInglés. | ||
| 600 | 1 | 0 |
_aTrujillo Molina, Rafael Leónidas, _d 1891-1961 _976764 |
| 910 | _aValidado. Control de calidad. EMS | ||
| 999 |
_c30830 _d30830 |
||